Biblioteca

El movimiento pentecostal y el don de curación (Registro nro. 69902)

Detalles MARC
000 -LÍDER
Campo fijo de descripción fija 01526nab a2200253 i 4500
001 - NÚMERO DE CONTROL
Campo de control 768714001
003 - IDENTIFICADOR DEL NÚMERO DE CONTROL
Campo de control CO-MdFUSB
005 - FECHA Y HORA DE LA ULTIMA TRANSACCIÓN
control field 20240524103638.0
008 - ELEMENTOS DE LONGITUD FIJA -- INFORMACIÓN GENERAL
Campo fijo de descripción fija -- Información general 240524t1974 sp ||||| |||| 00| 0 spa d
040 ## - FUENTE DE CATALOGACIÓN
Idioma de catalogación spa
Agencia que realiza la transcripción CO-MdFUSB
Agencia que realiza la modificación CO-MdFUSB
041 ## - CÓDIGO DE IDIOMA
Código de idioma para texto/pista de sonido o título separado spa
100 ## - ASIENTO PRINCIPAL--NOMBRE PERSONAL
Nombre personal Combet, Georges,
Término relacionador autor
245 #3 - TÍTULO
Título El movimiento pentecostal y el don de curación
Mención de responsabilidad / Georges Combet, Laurent Fabre ; traducido por T. S. Muñoz
520 ## - NOTA DE RESUMEN, ETC.
Nota de sumario, etc. Desde hace varios años, la mayoría de las confesiones cristianas están atravesadas por una corriente espiritual sin precedentes en la historia. Cristianos de todas las Iglesias se congregan para orar, redescubren juntos los grandes ejes de toda vida cristiana. «Renovación carismática», "Neopentecostalismo", "Renovación en el Espíritu".<br/>Para comprender lo que sucede hoy día hay que leer las epístolas de Pablo y los Hechos de los Apóstoles: lo que exteriormente parece más nuevo en esta renovación es de hecho lo más antiguo. Entre los diversos dones del Espíritu señala san Pablo el don de curación.
650 #0 - ASIENTO SECUNDARIO DE MATERIA - TERMINO TEMÁTICO
Término temático o nombre geográfico como elemento de entrada Vida cristiana
9 (RLIN) 19
650 #0 - ASIENTO SECUNDARIO DE MATERIA - TERMINO TEMÁTICO
Término temático o nombre geográfico como elemento de entrada Pentecostalismo
9 (RLIN) 142
650 #0 - ASIENTO SECUNDARIO DE MATERIA - TERMINO TEMÁTICO
Término temático o nombre geográfico como elemento de entrada Espíritu Santo
9 (RLIN) 50
653 ## - TÉRMINO DE INDIZACIÓN - NO CONTROLADO
Término no controlado Terapia
700 ## - ENTR. SECUNDARIA - Nombre Personal (R)
Nombre de persona Muñoz, T. S.,
Término indicativo de función traductor
700 ## - ENTR. SECUNDARIA - Nombre Personal (R)
Nombre de persona Fabre, Laurent,
Fechas 1940-
Término indicativo de función autor
773 0# - ASIENTO DE ITEM FUENTE
Biblionumber 49450
Itemnumber 82679
Otro identificador del ítem R2589
Título Revista internacional de teología Concilium
Número de control del registro (CO-MdFUSB)8
Número Internacional Normalizado para Publicaciones Seriadas (ISSN) 0210-1041
Parte(s) relacionada(s) / Volumen., número. (mes año), páginas Volumen 99, (noviembre, 1974 ) páginas: 354 - 358
Enumeración y primera página páginas: 354
942 ## - TIPO DE MATERIAL (KOHA)
Tipo de Item KOHA Artículos de Revista
945 ## - INFORMACIÓN LOCAL DEL REGISTRO
Catalogador Catherine Arias Álvarez - Practicante SENA

No hay ítems disponibles.

Biblioteca FUSBC | Teléfono: (57+4) 349 88 10 Ext. 141| WhatsApp (+57) 3005338115 
E-mail: biblioteca@unisbc.edu.co | Calle 76 87-14 Robledo Palenque, Medellín, Colombia

Con tecnología Koha